Statistiken für Kabinett Merkel II

Klicken Sie hier um das Quiz zu spielen!

Allgemein

  • Dieses Quiz wurde 69 mal gespielt
  • Das Durchschnittsergebnis liegt bei 14 aus 27

Antwortstatistiken

Amt bzw. MinisteriumOffizieller AufgabenbereichParteiMinister% Korrekt
Bundeskanzler-CDUAngela Merkel
98%
AußenministerAuswärtiges AmtFDPGuido Westerwelle
83%
Stellvertretender Bundeskanzler-FDPGuido Westerwelle
83%
Finanzminister-CDUWolfgang Schäuble
76%
Stellvertretender Bundeskanzler-FDPPhilipp Rösler
74%
Gesundheitsminister-FDPPhilipp Rösler
74%
WirtschaftsministerWirtschaft und TechnologieFDPPhilipp Rösler
74%
ArbeitsministerArbeit und SozialesCDUUrsula von der Leyen
72%
FamilienministerFamilie, Senioren, Frauen und JugendCDUUrsula von der Leyen
72%
Innenminister-CDUThomas de Maizière
64%
Verteidigungsminister-CDUThomas de Maizière
64%
UmweltministerUmwelt, Naturschutz und ReaktorsicherheitCDUPeter Altmaier
53%
Verteidigungsminister-CSUKarl-Theodor zu Guttenberg
52%
BildungsministerBildung und ForschungCDUAnette Schavan
40%
LandwirtschaftsministerErnährung, Landwirtschaft und VerbraucherschutzCSUIlse Aigner
40%
VerkehrsministerVerkehr, Bau und StadtentwicklungCSUPeter Ramsauer
40%
WirtschaftsministerWirtschaft und TechnologieFDPRainer Brüderle
40%
Justizminister-FDPSabine Leutheusser-Schnarrenberger
40%
FamilienministerFamilie, Senioren, Frauen und JugendCDUKristina Schröder
34%
Gesundheitsminister-FDPDaniel Bahr
28%
UmweltministerUmwelt, Naturschutz und ReaktorsicherheitCDUNorbert Röttgen
28%
LandwirtschaftsministerErnährung, Landwirtschaft und VerbraucherschutzCSUHans-Peter Friedrich
26%
Innenminister-CSUHans-Peter Friedrich
26%
KanzleramtsministerBundesminister für besondere Aufgaben
und Chef des Bundeskanzleramtes
CDURonald Pofalla
24%
BildungsministerBildung und ForschungCDUJohanna Wanka
21%
EntwicklungsministerWirtschaftliche Zusammenarbeit und EntwicklungFDPDirk Niebel
17%
ArbeitsministerArbeit und SozialesCDUFranz Josef Jung
12%

Verteilung der Resultate

Perzentil nach korrekt beantworteten Fragen

Anzahl Personen mit jedem Resultat

Ihre Resultats-Entwicklung

Sie haben dieses Quiz noch nicht gespielt